000 00814cam a2200205 4500
001 WB3730-43
008 010731n2001 000 0 eng u
035 _a(Sirsi) u113849
245 _aStudy into transport and poverty links
260 _c2001
490 _aMunicipal Journal
_v 27 July 2001, 4(1)
520 _aThe Social Exclusion Unit has begun a consultation on transport, assessing how poor transport contributes to social exclusion by preventing access to jobs, education, health and public services. An action plan will be produced in 2001 identifying improvements to be made and ananlyse costs and benefits.
590 _aWB
650 _aTRANSPORT ISSUES
650 _aSOCIAL EXCLUSION
650 _aPUBLIC ACCESS
650 _aPOVERTY
690 _aTRANSPORT AND COMMUNICATION
942 _n0
999 _c67828
_d67828